00806nam a22001817a 4500003000200000005001700002008004100019050002500060100002800085245014800113260007100261300006200332500004100394504005600435650005200491650003500543650004600578020250204151133.0250204b xxu||||| |||| 00| 0 eng d aGR 305.31b.M37 2023 aMartin, Allyson Liz L.  aA creative presentation of two popular philippine mythological creaturesbthe manananggal and white lady of balete drivecAllyson Liz L. Martin aLas Pinas CitybSouthville International School and Collegesc2023 avii, 71 pages:bcolored pictures and illustration;c28cm. aBachelor of Arts in Multimedia Arts. aIncludes bibliographical references and appendices. aPhilippine Folklore – Mythological Creatures. aGhost Stories – Philippines. aFilipino Cultural Beliefs and Traditions.